Teach yourself visually color knitting
में बचाया:
| मुख्य लेखक: | |
|---|---|
| स्वरूप: | Sách |
| भाषा: | Undetermined |
| प्रकाशित: |
Wiley Pub
2012
|
| विषय: | |
| टैग : |
टैग जोड़ें
कोई टैग नहीं, इस रिकॉर्ड को टैग करने वाले पहले व्यक्ति बनें!
|
| Thư viện lưu trữ: | Trung tâm Thư viện - Trường Đại học Công nghiệp TP. Hồ Chí Minh |
|---|
| LEADER | 00472nam a2200157Ia 4500 | ||
|---|---|---|---|
| 001 | UIH_07396 | ||
| 008 | 231011s9999 xx 000 0 und d | ||
| 082 | |a 667.028245 | ||
| 100 | |a Huff, Mary Scott | ||
| 245 | 0 | |a Teach yourself visually color knitting | |
| 245 | 0 | |c Huff, Mary Scott | |
| 260 | |b Wiley Pub | ||
| 260 | |c 2012 | ||
| 650 | |a Đan len; | ||
| 927 | |a Sách | ||
| 980 | |a Trung tâm Thư viện - Trường Đại học Công nghiệp TP. Hồ Chí Minh | ||